000 00909nam a2200253Ia 4500
003 OSt
005 20221005112808.0
006 a|||||r|||| 00| 0
007 ta
008 221004b |||||||| |||| 00| 0 pan d
020 _a9788182990000 (hbk)
_c175
024 _a5654
037 _b713, 26/06/2013, H.K. Prakashan
_cTextual
040 _aCRL
_cCRL
_bpan
041 _2pan
_apan
082 _aO153,1N50:g, Q2
100 _aਕFਮੀਰ ਸਿੰਘ
_9168084
245 0 _aਆਪੇ ਬਹਿਰਾਂ ਬੋਲਦੀਆਂ
_b ਪੰਜਾਬੀ ਫ਼ਗ਼ਲ ਵਿਧਾਨ
260 _aਦਿੱਲੀ
_bਆਰਸੀ ਪਬਲੀFਰਗ਼ ਭਾਰਤ
_c2012
300 _a112ਪੰ
_ccm.
650 _aਪੰਜਾਬੀ ਸਾਹਿਤ
942 _hO153,1N50:g, Q2
_cTEXL
_2cc
999 _c1025994
_d1025994